Southville International School and Colleges
Your cart is empty.
  • Cart
  • Lists
    Public lists Eva Luna New books Lux_list list_1
    Your lists Log in to create your own lists
  • Log in to your account
  • Your cookies
  • Search history
Southville International School and Colleges
  • Advanced search
  • Recent comments
  • Most popular
  • Libraries

Log in to your account

Log in with GOOGLE


If you do not have an external account, but do have a local account, you can still log in:

  1. Home
  2. MARC view: The Galbraith reader :
Normal view MARC view ISBD view

The Galbraith reader : (Record no. 8998)

[ view plain ]
MARC details
000 -LEADER
fixed length control field 01140cam a2200337 i 4500
001 - CONTROL NUMBER
control field 3634449
003 - CONTROL NUMBER IDENTIFIER
control field OSt
005 - DATE AND TIME OF LATEST TRANSACTION
control field 20140310182051.0
008 - FIXED-LENGTH DATA ELEMENTS--GENERAL INFORMATION
fixed length control field 780505s1977 mau b 001 0 eng
010 ## - LIBRARY OF CONGRESS CONTROL NUMBER
LC control number 75019930
020 ## - INTERNATIONAL STANDARD BOOK NUMBER
Terms of availability $12.95
International Standard Book Number 0553120522
040 ## - CATALOGING SOURCE
Original cataloging agency DLC
Transcribing agency DLC
Modifying agency DLC
043 ## - GEOGRAPHIC AREA CODE
Geographic area code a-ii---
-- n-cn-on
-- n-us---
050 00 - LIBRARY OF CONGRESS CALL NUMBER
Classification number HB 119
Item number .G27 1977
082 00 - DEWEY DECIMAL CLASSIFICATION NUMBER
Classification number HS 330
Item number G13 1979
100 1# - MAIN ENTRY--PERSONAL NAME
Personal name Galbraith, John Kenneth
Dates associated with a name 1908-2006.
9 (RLIN) 12087
245 14 - TITLE STATEMENT
Title The Galbraith reader :
Remainder of title from the works of John Kenneth Galbraith /
Statement of responsibility, etc John Kenneth Galbraith.
260 ## - PUBLICATION, DISTRIBUTION, ETC. (IMPRINT)
Place of publication, distribution, etc New York :
Name of publisher, distributor, etc Bantam,
Date of publication, distribution, etc c1979.
300 ## - PHYSICAL DESCRIPTION
Extent 523 p. :
Dimensions 18 cm.
500 ## - GENERAL NOTE
General note Includes bibliographical references and index.
650 #0 - SUBJECT ADDED ENTRY--TOPICAL TERM
Topical term or geographic name as entry element Economic history.
9 (RLIN) 11654
650 #0 - SUBJECT ADDED ENTRY--TOPICAL TERM
Topical term or geographic name as entry element Scots
Geographic subdivision Ontario
-- Elgin County.
9 (RLIN) 12088
651 #0 - SUBJECT ADDED ENTRY--GEOGRAPHIC NAME
Geographic name United States
General subdivision Economic conditions.
9 (RLIN) 12089
651 #0 - SUBJECT ADDED ENTRY--GEOGRAPHIC NAME
Geographic name United States
General subdivision Relations
Geographic subdivision India.
9 (RLIN) 12090
651 #0 - SUBJECT ADDED ENTRY--GEOGRAPHIC NAME
Geographic name India
General subdivision Relations
Geographic subdivision United States.
9 (RLIN) 12091
651 #0 - SUBJECT ADDED ENTRY--GEOGRAPHIC NAME
Geographic name China
General subdivision Description and travel.
9 (RLIN) 12092
710 2# - ADDED ENTRY--CORPORATE NAME
Corporate name or jurisdiction name as entry element Gambit (Firm)
9 (RLIN) 12093
906 ## - LOCAL DATA ELEMENT F, LDF (RLIN)
a 7
b cbc
c orignew
d 2
e ocip
f 19
g y-gencatlg
942 ## - ADDED ENTRY ELEMENTS (KOHA)
Source of classification or shelving scheme Library of Congress Classification
Koha item type
Holdings
Withdrawn status Lost status Source of classification or shelving scheme Damaged status Home library Current library Shelving location Date acquired Total Checkouts Full call number Barcode Date last seen Copy number Price effective from Koha item type
    Library of Congress Classification   Luxembourg Library Luxembourg Library High School Section 08/22/2013   HB 119 .G27 1977 9050 08/22/2013 1 08/22/2013 Books

The Galbraith reader :

APA

Galbraith J. K., Gambit (Firm), . (1979). The Galbraith reader. New York: Bantam.

Chicago

Galbraith John Kenneth, Gambit (Firm), . 1979. The Galbraith reader. New York: Bantam.

Harvard

Galbraith J. K., Gambit (Firm), . (1979). The Galbraith reader. New York: Bantam.

MLA

Galbraith John Kenneth, Gambit (Firm), . The Galbraith reader. New York: Bantam. 1979.

  • Place hold
  • Print
  • Cite
  • Add to your cart (remove)
  • Save record
    BIBTEX Dublin Core MARCXML MARC (non-Unicode/MARC-8) MARC (Unicode/UTF-8) MARC (Unicode/UTF-8, Standard) MODS (XML) RIS
  • More searches
    Search for this title in:
    Other Libraries (WorldCat) Other Databases (Google Scholar) Online Stores (Bookfinder.com) Open Library (openlibrary.org)

Exporting to Dublin Core...

SOUTHVILLE LIBRARY

Southville International School and Colleges Library

1281 Tropical Ave. Cor. Luxembourg St., BF Homes International, Las Pinas City

Tel. No. 8256374 / 252358 Loc. 117/146

Powered by Koha